000 00340nam a2200133Ia 4500
008 100328s9999 xx 000 0 und d
082 _b70569
100 _aलागू चिंतामणी.
245 _aअपहरण.
260 _bमेघना.
630 _aअपहरण.
730 _aअपहरण.
942 _cBOOK
999 _c556295
_d556292